01372nam a22002894aa4500003000800000005001700008008004100025040003000066041000800096044000700104082001900111100002900130100001000159245009700169245006200266260002500328300004600353500003600399502018000435520033100615650002100946653003400967653001801001653001501019700003801034700001001072BOFEUTO20260512110249.0260504t6278 bo a gr 001 | spa d 6BOFEUTOaBOFEUTOcBOFEUTO aspa abo aTE6278bAn543m aAndrade Aparicio, Nataly eautor aMétodo Just in Time para la empresa panificadora "La Cesta de Pan" de la ciudad de Oruro / cNataly Andrade Aparicio, Rosario del Castillo Rodríguez aOruro :bs/n,c2024. a108 hojas ;bcuadros, gráf. ;c28.5 cm. aIncluye bibliografía, anexos. aTesis Dirigida, (Licenciatura) -- Universidad Técnica de Oruro, Facultad de Ciencias Económicas, Financieras y Administrativas, Carrera Administración de Empresas, 2024. aEl presente trabajo de investigación tiene como objetivo principal el método JUST IN TIME para la empresa panificadora LA CESTA DE PAN en la ciudad de Oruro. Con el objeto claro se procedió a revisar información, misma que indique una ruta a seguir, para así lograr una propuesta correcta del método JUST IN TIME. aaDMINISTRACIÓN aJust In Time (Justo a tiempo) aProductividad aModelo Jit aDel Castillo Rodríguez, Rosario etutor